|
|
|
|
| LEADER |
00000naa2a2200000 4500 |
| 001 |
576305 |
| 005 |
20231101130242.0 |
| 035 |
|
|
|a (RuTPU)RU\TPU\prd\275380
|
| 035 |
|
|
|a RU\TPU\tpu\7729
|
| 090 |
|
|
|a 576305
|
| 100 |
|
|
|a 20180215a1969 k y0rusy50 ca
|
| 101 |
0 |
|
|a rus
|
| 102 |
|
|
|a RU
|
| 200 |
1 |
|
|a О механизме износа металла в вибрирующей абразивной среде
|f Н. Т. Ляликов, Н. А. Ерофеев
|
| 320 |
|
|
|a Библиогр.: 5 назв.
|
| 461 |
|
|
|0 (RuTPU)RU\TPU\prd\188
|x 0536-1044
|t Известия вузов. Машиностроение
|d 1958-2008, 2011-2013
|
| 463 |
|
|
|0 (RuTPU)RU\TPU\prd\124494
|t № 10
|v С. 145-148
|d 1969
|
| 610 |
1 |
|
|a износ
|
| 610 |
1 |
|
|a металлы
|
| 610 |
1 |
|
|a абразивные среды
|
| 610 |
1 |
|
|a труды учёных ТПУ
|
| 700 |
|
1 |
|a Ляликов
|b Н. Т.
|
| 701 |
|
1 |
|a Ерофеев
|b Н. А.
|
| 801 |
|
0 |
|a RU
|b 63413507
|c 20020118
|g PSBO
|
| 801 |
|
2 |
|a RU
|b 63413507
|c 20180215
|g PSBO
|
| 942 |
|
|
|c BK
|